00494nam a22001692 4500001001100000005001700011008004100028020001700069040001500086100003600101245008900137250001300226260003900239300001800278650002500296852000300321000001998320151217154437.0110415s xx 000 0 eng d a996673970x : aKABUcKABU1 aGitonga, Anthony T.@000015964210aMade for greatness :bdiscover the choices to lasting success /cAnthony T. Gitonga. a1st ed. aNairobi :bLead Consulting,c2009. aviii, 219 p. 0aSuccess.@00001480941